[Event "25th Czech Open A 2014"]
[Site "Pardubice CZE"]
[Date "2014.07.20"]
[Round "3.23"]
[White "Vlasak, Lukas"]
[Black "Chernyshov, Konstantin"]
[Result "0-1"]
[WhiteTitle "FM"]
[BlackTitle "GM"]
[WhiteElo "2375"]
[BlackElo "2508"]
[WhiteFideId "324752"]
[BlackFideId "4117328"]
[EventDate "2014.07.18"]

1. Nf3 Nf6 2. c4 b6 3. g3 Bb7 4. Bg2 e6 5. O-O Be7 6. Nc3 O-O 7. d4 Na6 8. Re1
Ne4 9. Nxe4 Bxe4 10. Nh4 Bxg2 11. Nxg2 c6 12. Bf4 d5 13. Qa4 Qc8 14. Rac1 Qb7
15. cxd5 cxd5 16. Rc6 Rac8 17. Rec1 Nc5 18. Rxc8 Nxa4 19. R8c7 Qa6 20. Rxe7 Nxb2 0-1

[Event "25th Czech Open A 2014"]
[Site "Pardubice CZE"]
[Date "2014.07.20"]
[Round "3.24"]
[White "Boruchovsky, Avital"]
[Black "Zubritskiy, Artyom"]
[Result "1/2-1/2"]
[WhiteTitle "GM"]
[WhiteElo "2503"]
[BlackElo "2335"]
[WhiteFideId "2800055"]
[BlackFideId "4181247"]
[EventDate "2014.07.18"]

1. e4 c5 2. Nf3 d6 3. Bb5+ Bd7 4. Bxd7+ Qxd7 5. c4 Nc6 6. d4 cxd4 7. Nxd4 g6 8.
Nc3 Bg7 9. Be3 Nf6 10. f3 O-O 11. O-O a6 12. a4 e6 13. Nde2 Rac8 14. Rc1 Qe7 15.
b3 Nd7 16. f4 Nb4 17. Qd2 Nc5 18. Rcd1 Rfd8 19. Nc1 d5 20. exd5 exd5 21. Nxd5
Nxd5 22. cxd5 Ne4 23. Qe1 Nc3 24. Bb6 Qxe1 25. Rdxe1 Rd7 26. Nd3 Nxd5 27. Bf2
Rdc7 28. g3 Rc2 29. Ne5 Rb2 30. Rb1 Bxe5 31. fxe5 Rd2 32. Rbd1 Rcc2 33. Rxd2
Rxd2 34. Bc5 Kg7 35. e6 f6 36. Rc1 f5 37. Bd6 f4 38. Be5+ Kf8 39. Bd6+ Kg7 40.
Be5+ Kf8 41. Bxf4 Nxf4 42. gxf4 Rb2 43. Rc7 Rxb3 44. Rxh7 Rb4 45. Rf7+ Ke8 46.
a5 b6 47. axb6 Rxb6 48. Kf2 Rxe6 49. Ra7 Kf8 50. Kf3 Rb6 51. Kg4 Rb5 52. Rxa6
Kf7 53. Ra3 Kf6 54. h3 Rc5 55. Ra6+ Kf7 56. Ra3 Kf6 57. Rb3 Ra5 58. Re3 Ra1 59.
Rb3 Rg1+ 60. Kf3 Rf1+ 1/2-1/2

[Event "25th Czech Open A 2014"]
[Site "Pardubice CZE"]
[Date "2014.07.20"]
[Round "3.25"]
[White "Venkatesh, M.R."]
[Black "Tesik, Csaba"]
[Result "1-0"]
[WhiteTitle "GM"]
[BlackTitle "FM"]
[WhiteElo "2498"]
[BlackElo "2324"]
[WhiteFideId "5005779"]
[BlackFideId "735582"]
[EventDate "2014.07.18"]

1. e4 c5 2. b3 Nc6 3. Bb2 d6 4. Bb5 Bd7 5. Qe2 e5 6. Bxc6 Bxc6 7. d3 Nf6 8. f4
exf4 9. Nh3 Be7 10. Nxf4 O-O 11. Nc3 d5 12. e5 d4 13. exf6 dxc3 14. fxe7 cxb2
15. exd8=Q bxa1=Q+ 16. Kd2 Qxh1 17. Qh4 Qa1 18. Qeh5 h6 19. Qg3 Kh8 20. Qxc5
Rac8 21. Qc3 Qxc3+ 22. Kxc3 Bxg2+ 23. Kb2 Bc6 24. Nh5 Rg8 25. Qf4 Rcf8 26. Nf6
Re8 27. Nxe8 Bxe8 28. d4 f6 29. d5 Bg6 30. Qc7 1-0

[Event "25th Czech Open A 2014"]
[Site "Pardubice CZE"]
[Date "2014.07.20"]
[Round "3.27"]
[White "Gorbatov, Alexej"]
[Black "Wagner, Dennis"]
[Result "1-0"]
[WhiteTitle "IM"]
[BlackTitle "IM"]
[WhiteElo "2358"]
[BlackElo "2485"]
[WhiteFideId "4111834"]
[BlackFideId "24650684"]
[EventDate "2014.07.18"]

1. d4 Nf6 2. c4 g6 3. Nc3 d5 4. Nf3 Bg7 5. Bg5 Ne4 6. cxd5 Nxg5 7. Nxg5 e6 8.
Nf3 exd5 9. e3 O-O 10. b4 c6 11. Be2 Qd6 12. Qb3 Be6 13. O-O Nd7 14. Rfc1 Rfc8
15. Ne1 a5 16. a3 Bf8 17. Nd3 b6 18. bxa5 Rxa5 19. a4 Rca8 20. Rab1 Bf5 21. Rb2
g5 22. g3 c5 23. Qd1 Qe6 24. Bf3 Nf6 25. Ne5 cxd4 26. exd4 Ba3 27. Re2 Bxc1 28.
Qxc1 Ne4 29. Nxe4 dxe4 30. Qxg5+ Kh8 31. Bxe4 Bxe4 32. Rxe4 Rg8 33. Qf4 f5 34.
Re1 Rxa4 35. Nf3 Qf6 36. h3 Ra7 37. Re5 Rf8 38. Rd5 Rb7 39. Nh4 Qe6 40. Re5 Qc8
41. Nxf5 b5 42. Qe4 Rbf7 43. g4 b4 44. Rb5 Re8 45. Qf4 Qc6 46. Rb8 Qe6 47. d5
Qe1+ 48. Kg2 Rxf5 49. Rxe8+ Qxe8 50. Qxf5 b3 51. d6 Qc6+ 52. Qf3 Qxd6 53. Qxb3
Qd4 54. Qf7 Qe4+ 55. Kg3 Qd3+ 56. Kh4 Qd8+ 57. g5 Qd4+ 58. Kh5 Qb4 59. f4 Qa3
60. Kg4 Qa8 61. Qf6+ Kg8 62. Qe6+ Kh8 63. h4 Qg2+ 64. Kh5 Qb7 65. Qe5+ Kg8 66.
f5 Qf7+ 67. Kg4 Qc4+ 68. Qf4 Qe2+ 69. Qf3 Qc4+ 70. Kg3 Qc7+ 71. Qf4 Qc3+ 72. Kg4
Qb3 73. Qd4 Qb7 74. Qd8+ Kf7 75. Qf6+ Kg8 76. Qe6+ Kf8 77. Kh5 Qb4 78. Qc8+ Kf7
79. Qd7+ Kf8 80. f6 1-0

[Event "25th Czech Open A 2014"]
[Site "Pardubice CZE"]
[Date "2014.07.20"]
[Round "3.28"]
[White "Golubov, Saveliy"]
[Black "Potapov, Pavel"]
[Result "1/2-1/2"]
[BlackTitle "IM"]
[WhiteElo "2339"]
[BlackElo "2482"]
[WhiteFideId "24176729"]
[BlackFideId "4169786"]
[EventDate "2014.07.18"]

1. e4 c5 2. Nf3 Nc6 3. d4 cxd4 4. Nxd4 e5 5. Nb5 d6 6. N1c3 a6 7. Na3 Be7 8. Nc4
b5 9. Ne3 Nf6 10. Bd3 O-O 11. O-O Be6 12. Ncd5 Nd7 13. c3 Nc5 14. Bc2 Bg5 15.
Qe2 Bxd5 16. Nxd5 Ne6 17. g3 Bxc1 18. Raxc1 Ne7 19. Rcd1 Rb8 20. Kh1 Nxd5 21.
Rxd5 b4 22. Bb3 bxc3 23. bxc3 Nc5 24. Rfd1 Nxb3 25. axb3 Rxb3 26. Rxd6 1/2-1/2

[Event "25th Czech Open A 2014"]
[Site "Pardubice CZE"]
[Date "2014.07.20"]
[Round "3.30"]
[White "Kozlitin, Oleg"]
[Black "Pavlidis, Antonios"]
[Result "0-1"]
[WhiteTitle "IM"]
[BlackTitle "IM"]
[WhiteElo "2331"]
[BlackElo "2479"]
[WhiteFideId "4143590"]
[BlackFideId "4212312"]
[EventDate "2014.07.18"]

1. e4 c5 2. Nf3 d6 3. d4 cxd4 4. Nxd4 Nf6 5. Nc3 a6 6. Bc4 e6 7. Bb3 Nbd7 8. f4
Nc5 9. f5 Bd7 10. Bg5 Be7 11. Qf3 O-O 12. O-O-O b5 13. e5 dxe5 14. Nc6 Bxc6 15.
Qxc6 Rc8 16. Qf3 Qa5 17. fxe6 Nxb3+ 18. axb3 b4 19. exf7+ Kh8 20. Na4 e4 21. Qg3
Nh5 22. Bxe7 Nxg3 23. Bxf8 Ne2+ 24. Kd2 Qg5+ 25. Ke1 Qe3 0-1

[Event "25th Czech Open A 2014"]
[Site "Pardubice CZE"]
[Date "2014.07.20"]
[Round "3.31"]
[White "Tomazini, Zan"]
[Black "Bryzgalin, Kirill"]
[Result "1-0"]
[WhiteTitle "FM"]
[BlackTitle "GM"]
[WhiteElo "2313"]
[BlackElo "2460"]
[WhiteFideId "14608162"]
[BlackFideId "4133285"]
[EventDate "2014.07.18"]

1. e4 e5 2. Nf3 Nc6 3. d4 exd4 4. Nxd4 Bc5 5. Nb3 Bb4+ 6. Bd2 Bxd2+ 7. Qxd2 Nge7
8. Nc3 d6 9. O-O-O O-O 10. f4 Be6 11. Be2 Re8 12. g4 a5 13. Nd4 Nxd4 14. Qxd4
Nc6 15. Qd2 Qh4 16. g5 Nb4 17. Kb1 Bg4 18. Bxg4 Qxg4 19. h4 Qh5 20. Rhg1 Na6 21.
Qf2 b6 22. Rd5 Nc5 23. g6 Nxe4 24. Qd4 Nxc3+ 25. bxc3 c5 26. Qd3 Qh6 27. gxf7+
Kxf7 28. Rxd6 Qxh4 29. Rd7+ Kf8 30. Qf5+ 1-0

[Event "25th Czech Open A 2014"]
[Site "Pardubice CZE"]
[Date "2014.07.20"]
[Round "3.32"]
[White "Vishnu Prasanna, V"]
[Black "Nemcova, Katerina"]
[Result "1-0"]
[WhiteTitle "GM"]
[BlackTitle "WGM"]
[WhiteElo "2459"]
[BlackElo "2314"]
[WhiteFideId "5030692"]
[BlackFideId "322750"]
[EventDate "2014.07.18"]

1. Nf3 Nf6 2. c4 e6 3. g3 a6 4. Bg2 b5 5. Na3 b4 6. Nc2 Bb7 7. O-O Be7 8. d4 O-O
9. d5 exd5 10. Nh4 c6 11. cxd5 Nxd5 12. Nf5 Nc7 13. e4 Ne6 14. Qg4 a5 15. Re1
Kh8 16. e5 Bc5 17. Be3 Na6 18. Rad1 Bxe3 19. Rxe3 Nac5 20. f4 Rb8 21. Nd6 g6 22.
b3 f5 23. Qf3 Ba6 24. h4 h5 25. Ree1 Qe7 26. Rd2 Ng7 27. Red1 Rfd8 28. Qe3 Nce6
29. Ne1 Bb5 30. Nf3 Kg8 31. Kh2 Kf8 32. Nxb5 Rxb5 33. Bf1 Rbb8 34. Bc4 Ne8 35.
Qe1 Ra8 36. Qe3 Rab8 37. Rd6 Ra8 38. Ng5 Nxg5 39. hxg5 Nxd6 40. Rxd6 Kg7 41. Qd4
Kh7 42. Bd3 c5 43. Qd5 Rac8 44. Bxf5 gxf5 45. Rh6+ Kg7 46. e6 dxe6 47. Qe5+ Kf7
48. Rf6+ Kg8 49. Rg6+ Kf7 50. Rg7+ Ke8 51. Rxe7+ Kxe7 52. Qf6+ Kd6 53. Kh3 a4
54. Kh4 a3 55. g6 c4 56. bxc4 b3 57. c5+ Kc7 58. Qe5+ Kb7 59. Qxe6 b2 60. Qb6+
Ka8 61. c6 b1=Q 62. Qxb1 Rxc6 63. Qxf5 1-0

[Event "25th Czech Open A 2014"]
[Site "Pardubice CZE"]
[Date "2014.07.20"]
[Round "3.33"]
[White "Vokac, Marek"]
[Black "Lokander, Martin"]
[Result "1-0"]
[WhiteTitle "GM"]
[BlackTitle "FM"]
[WhiteElo "2443"]
[BlackElo "2309"]
[WhiteFideId "300101"]
[BlackFideId "1709569"]
[EventDate "2014.07.18"]

1. Nf3 Nf6 2. c4 g6 3. b4 Bg7 4. Bb2 O-O 5. g3 c6 6. Bg2 d5 7. Na3 a5 8. b5 cxb5
9. Nxb5 Nc6 10. cxd5 Nxd5 11. Bxg7 Kxg7 12. O-O Nc7 13. Rb1 Be6 14. Nc3 Rb8 15.
Qa4 h6 16. Rfc1 Bd7 17. Nd4 b5 18. Ndxb5 Nxb5 19. Rxb5 Rc8 20. Rb7 Rc7 21. Rxc7
Qxc7 22. Nd5 Qd6 23. d3 Rb8 24. Qc4 Nb4 25. Nxb4 Rxb4 26. Qc3+ Qf6 27. Qxf6+
Kxf6 28. Bd5 Rb2 29. Kf1 a4 30. a3 e6 31. Bc4 Ke5 32. h4 Bc6 33. f4+ Kd6 34. Kf2
Bd5 35. Ke3 f6 36. h5 gxh5 37. f5 Rb8 38. fxe6 Rc8 39. Kd4 Bxe6 40. Rb1 Bxc4 41.
dxc4 Kc6 42. Rb5 Rd8+ 43. Rd5 Rg8 44. Rxh5 Rxg3 45. e3 Rg1 46. Ra5 Rd1+ 47. Ke4
Ra1 48. Rxa4 Kc5 49. Ra6 Rf1 50. Kd3 Rd1+ 51. Ke2 Rh1 52. Rxf6 Kxc4 53. a4 Kd5
54. a5 Ke5 55. Rf1 Rh2+ 56. Kd3 Ra2 57. Rh1 Ra3+ 58. Kc4 Kd6 59. Rxh6+ Kc7 60.
Rh7+ Kb8 61. Kd4 Rxa5 62. Rd7 Kc8 63. Rd5 Ra1 64. Ke5 Rh1 65. e4 Rh5+ 66. Ke6
Rh6+ 67. Kf7 Rh7+ 68. Kg6 Re7 69. e5 Kc7 70. Kf6 Rh7 71. e6 Rh6+ 72. Kf7 Rh7+
73. Kg6 Rh1 74. e7 Rg1+ 75. Kf7 Rf1+ 76. Ke8 Rf2 77. Rd1 Kc8 78. Rc1+ Kb7 79.
Rc4 1-0

[Event "25th Czech Open A 2014"]
[Site "Pardubice CZE"]
[Date "2014.07.20"]
[Round "3.34"]
[White "Chudinovskikh, Alexander M"]
[Black "Mammadov, Zaur"]
[Result "0-1"]
[WhiteTitle "IM"]
[BlackTitle "IM"]
[WhiteElo "2293"]
[BlackElo "2441"]
[WhiteFideId "4106083"]
[BlackFideId "13401033"]
[EventDate "2014.07.18"]

1. d4 d5 2. Nf3 Nf6 3. c4 e6 4. Nc3 c6 5. Bg5 Nbd7 6. e3 Qa5 7. cxd5 Nxd5 8. Rc1
Bb4 9. a3 Bxc3+ 10. bxc3 h6 11. Bh4 Qxa3 12. Qd2 O-O 13. Bd3 e5 14. Nxe5 Nxe5
15. dxe5 Qc5 16. O-O Re8 17. Bb1 Rxe5 18. e4 Nb6 19. Qd8+ Qf8 20. Qc7 Re8 21. c4
Qc5 22. Rfd1 Nxc4 23. Rd8 Be6 24. Rxa8 Rxa8 25. Qxb7 Rc8 26. h3 Qb6 27. Qe7 Nd2
28. Bd3 c5 29. Rd1 Qa5 30. f4 Bb3 31. Qd7 Rf8 32. e5 Bxd1 33. e6 Qa1 34. Kh2
Nf3+ 35. Kg3 Ba4 36. exf7+ Kh8 37. Qf5 Qe1+ 38. Kxf3 Bd1+ 39. Be2 Bxe2+ 40. Ke3
Bg4+ 0-1

[Event "25th Czech Open A 2014"]
[Site "Pardubice CZE"]
[Date "2014.07.20"]
[Round "3.35"]
[White "Gordievsky, Dmitry"]
[Black "Ageichenko, Genadi A"]
[Result "1-0"]
[WhiteTitle "FM"]
[BlackTitle "IM"]
[WhiteElo "2439"]
[BlackElo "2297"]
[WhiteFideId "24112798"]
[BlackFideId "4105222"]
[EventDate "2014.07.18"]

1. d4 d5 2. c4 c6 3. Nc3 Nf6 4. e3 e6 5. Nf3 Nbd7 6. Qc2 Bd6 7. Bd3 dxc4 8. Bxc4
O-O 9. O-O a6 10. Rd1 Qc7 11. Ne4 Be7 12. Neg5 Nb6 13. e4 h6 14. e5 hxg5 15.
Nxg5 Rd8 16. Bf4 g6 17. Nxe6 Bxe6 18. Bxe6 Nh7 19. Bxf7+ Kh8 20. Qxg6 Nd5 21.
Bh6 Rg8 22. Bxg8 Rxg8 23. Qf7 Qc8 24. Rd3 Bf8 25. Qh5 Qe6 26. Rh3 Qe7 27. Rg3
Bxh6 28. Rxg8+ Kxg8 29. Qxh6 Qf7 30. Re1 Qf5 31. h4 Qg4 32. e6 Nf4 33. g3 Ne2+
34. Rxe2 Qxe2 35. Qg6+ Kh8 36. Qe8+ Kg7 37. Qf7+ 1-0

[Event "25th Czech Open A 2014"]
[Site "Pardubice CZE"]
[Date "2014.07.20"]
[Round "3.36"]
[White "Tomazini, Aljosa"]
[Black "Plischki, Sebastian"]
[Result "1/2-1/2"]
[WhiteTitle "FM"]
[BlackTitle "IM"]
[WhiteElo "2283"]
[BlackElo "2433"]
[WhiteFideId "14608154"]
[BlackFideId "4637143"]
[EventDate "2014.07.18"]

1. d4 d5 2. Nf3 Nf6 3. c4 c6 4. e3 Bf5 5. Nc3 a6 6. c5 Nbd7 7. Be2 Qc7 8. Nh4
Be6 9. f4 g6 10. Bd2 Bg7 11. O-O Ne4 12. Be1 Nxc3 13. Bxc3 Nf6 14. b4 Qd7 15. a4
Bg4 16. Nf3 Ne4 17. Be1 O-O 18. h3 Bxf3 19. Bxf3 f5 20. Bxe4 fxe4 21. Qg4 Qxg4
22. hxg4 e6 23. Bh4 Kf7 24. Rab1 h5 25. g5 Rfc8 26. Rb3 Bf8 27. Rfb1 Be7 28. b5
axb5 29. axb5 Ke8 30. bxc6 bxc6 31. Rb7 Kd8 32. R1b3 Rc7 33. Rb8+ Rxb8 34. Rxb8+
Rc8 35. Rb7 Rc7 36. Rb8+ Rc8 37. Rb7 1/2-1/2

[Event "25th Czech Open A 2014"]
[Site "Pardubice CZE"]
[Date "2014.07.20"]
[Round "3.37"]
[White "Rojicek, Vojtech"]
[Black "Villegas, Pierre"]
[Result "1-0"]
[WhiteTitle "IM"]
[BlackTitle "FM"]
[WhiteElo "2433"]
[BlackElo "2291"]
[WhiteFideId "319902"]
[BlackFideId "654183"]
[EventDate "2014.07.18"]

1. e4 c6 2. d4 d5 3. e5 Bf5 4. h4 h5 5. Bd3 Bxd3 6. Qxd3 e6 7. Bg5 Qb6 8. Nd2
Qa6 9. c4 Bb4 10. b3 Nd7 11. Ne2 Ne7 12. O-O f6 13. exf6 gxf6 14. a3 Bxd2 15.
Bxd2 Kf7 16. Nf4 Rae8 17. Rfe1 Nf8 18. Qf3 dxc4 19. bxc4 Qxc4 20. Rac1 Qa4 21.
d5 cxd5 22. Rc7 Ng6 23. Nxe6 Nxh4 24. Qxd5 Kg6 25. Nf4+ Qxf4 26. Rexe7 1-0

[Event "25th Czech Open A 2014"]
[Site "Pardubice CZE"]
[Date "2014.07.20"]
[Round "3.38"]
[White "Roeder, Matthias"]
[Black "Constantinou, Peter"]
[Result "1-0"]
[WhiteTitle "IM"]
[BlackTitle "FM"]
[WhiteElo "2423"]
[BlackElo "2285"]
[WhiteFideId "4600223"]
[BlackFideId "413038"]
[EventDate "2014.07.18"]

1. Nf3 d5 2. c4 c6 3. e3 Nf6 4. Nc3 a6 5. Qc2 g6 6. b3 Bg7 7. Bb2 O-O 8. d4 Bf5
9. Bd3 Bxd3 10. Qxd3 Nbd7 11. O-O Re8 12. cxd5 cxd5 13. Rfc1 e6 14. Rc2 Rc8 15.
Rac1 Rc6 16. Ne2 Rxc2 17. Qxc2 Bf8 18. Qc7 Qb8 19. Ne5 Rd8 20. Qxb8 Rxb8 21. Rc7
Nxe5 22. dxe5 Ne8 23. Rc2 Bb4 24. Nf4 Kf8 25. Nd3 Be7 26. g4 Ng7 27. Bd4 Ke8 28.
Ba7 Ra8 29. Bb6 Bd8 30. Bd4 Rb8 31. a4 Kd7 32. Nc5+ Ke8 33. b4 Be7 34. Nd3 Kd7
35. Rb2 Ne8 36. Nc5+ Kd8 37. Kg2 Nc7 38. Nd3 Na8 39. Kf3 Ke8 40. Ke2 Bd8 41. f4
Nb6 42. Bxb6 Bxb6 43. Rc2 Kd7 44. a5 Ba7 45. Nc5+ Bxc5 46. bxc5 Kc6 47. Kd3 Kb5
48. Rb2+ Kc6 49. Kd4 Kc7 50. Rb6 h5 51. gxh5 gxh5 52. f5 Re8 53. fxe6 fxe6 54.
c6 bxc6 55. Kc5 Ra8 56. Rxc6+ Kd7 57. Rd6+ Ke7 58. Rb6 Kf7 59. Kd6 Rd8+ 60. Kc7
Ra8 61. Kd7 Rg8 62. Rxa6 Re8 63. Rb6 1-0

[Event "25th Czech Open A 2014"]
[Site "Pardubice CZE"]
[Date "2014.07.20"]
[Round "3.39"]
[White "Pischikov, Vadim"]
[Black "Kohlweyer, Bernd"]
[Result "1/2-1/2"]
[BlackTitle "IM"]
[WhiteElo "2130"]
[BlackElo "2422"]
[WhiteFideId "4100280"]
[BlackFideId "4600622"]
[EventDate "2014.07.18"]

1. d4 Nf6 2. Nf3 e6 3. c4 d5 4. Nc3 dxc4 5. e3 a6 6. Bxc4 b5 7. Bd3 Bb7 8. O-O
c5 9. dxc5 Bxc5 10. Qe2 Nbd7 11. e4 Qb8 12. h3 O-O 13. a3 Rc8 14. Be3 Bd6 15.
Rac1 Ne5 16. Nxe5 Bxe5 17. Bd2 Bd4 18. Kh1 Qd6 19. Rcd1 Qc6 20. Rfe1 h6 21. Rc1
Qb6 22. f4 e5 23. f5 Rd8 24. Rf1 Rac8 25. Rf3 b4 26. axb4 Qxb4 27. Nd1 Qd6 28.
Nc3 Qb8 29. Kh2 Rd6 30. Ra1 Rb6 31. Ra2 Qa8 32. Rg3 Kh7 33. Be3 Bxe3 34. Rxe3
Rb4 35. Ra5 Qb8 36. Ra2 Rc5 37. Bxa6 Bxa6 38. Qxa6 Rxb2 39. Rxb2 Qxb2 40. Qd3
Qb3 41. Nd5 1/2-1/2

[Event "25th Czech Open A 2014"]
[Site "Pardubice CZE"]
[Date "2014.07.20"]
[Round "3.40"]
[White "Sundararajan, Kidambi"]
[Black "Schulz, Karsten"]
[Result "1/2-1/2"]
[WhiteTitle "GM"]
[BlackTitle "FM"]
[WhiteElo "2414"]
[BlackElo "2276"]
[WhiteFideId "5005370"]
[BlackFideId "4611446"]
[EventDate "2014.07.18"]

1. Nf3 g6 2. d4 Bg7 3. g3 c5 4. c3 cxd4 5. cxd4 d5 6. Nc3 Nf6 7. Bg2 O-O 8. Ne5
Nc6 9. Nxc6 bxc6 10. O-O e5 11. dxe5 Ng4 12. Bf4 Nxe5 13. Rc1 Nc4 14. b3 Nb6 15.
Qd2 Be6 16. Rfd1 Rc8 17. Bh6 Qe7 18. Bxg7 Kxg7 19. e4 Rfd8 20. exd5 cxd5 21. Nb5
Kg8 22. h4 Qd7 23. Nd4 Bg4 24. Re1 Rxc1 25. Qxc1 Re8 26. Rxe8+ Qxe8 27. Qf4 h5
28. Kh2 Kg7 29. Qc7 Qd7 30. Qe5+ f6 31. Qf4 Be6 32. Qc7 Kf7 33. Qb8 Nc8 34. Qf4
Ne7 35. Qh6 Kg8 36. Qf4 Kf7 37. Bf1 Nf5 38. Bb5 Qd6 39. Qxd6 Nxd6 40. Bd3 Bd7
41. Kg2 g5 42. Kf3 Ke7 43. Ke3 Ne8 44. Nf3 gxh4 45. Nxh4 Ng7 46. b4 Kd6 47. a3
Ke5 48. Nf3+ Kd6 49. Nd4 Ke5 50. Be2 Be8 51. Bd1 Bd7 52. a4 Kd6 53. a5 Be8 54.
Be2 Kc7 55. Kf4 Bd7 56. Bd3 Kd6 57. Bg6 Kc7 58. Ke3 Kd6 59. Bf7 Ke5 60. b5 Kd6
61. b6 axb6 62. a6 Kc7 63. Bxd5 Kb8 64. Nc6+ Bxc6 65. Bxc6 Ka7 66. Bb5 Nf5+ 67.
Kf4 Nd6 68. Be2 b5 69. Bxh5 Kxa6 70. Be2 Kb6 71. g4 1/2-1/2

[Event "25th Czech Open A 2014"]
[Site "Pardubice CZE"]
[Date "2014.07.20"]
[Round "3.41"]
[White "Paszewski, Mateusz"]
[Black "Westerberg, Jonathan"]
[Result "1/2-1/2"]
[BlackTitle "FM"]
[WhiteElo "2100"]
[BlackElo "2412"]
[WhiteFideId "1141058"]
[BlackFideId "1701754"]
[EventDate "2014.07.18"]

1. e4 c5 2. Nf3 Nc6 3. Bb5 g5 4. h3 a6 5. Bxc6 dxc6 6. Nxg5 Nf6 7. d3 Rg8 8. e5
Qd5 9. exf6 Qxg2 10. Ke2 Rxg5 11. Bxg5 Qxg5 12. fxe7 Qxe7+ 13. Kf1 Bg7 14. Nc3
Be6 15. Qh5 O-O-O 16. Re1 c4 17. Qxh7 Bf6 18. Rxe6 Qxe6 19. Qe4 cxd3 20. cxd3
Qxe4 21. Nxe4 Bxb2 22. Ke2 b5 23. h4 f5 24. Ng3 Rf8 25. Kf3 a5 26. Rb1 Be5 27.
Ne2 Kc7 28. d4 Bf6 29. h5 Kd6 30. Kf4 Kd5 31. Rc1 a4 32. h6 Rh8 33. Rh1 Ke6 34.
Rc1 Kd5 35. Rh1 Ke6 36. Rc1 Rc8 37. d5+ Kxd5 38. Kxf5 Bb2 39. Nf4+ Kd4 40. Rh1
b4 41. h7 Kc4 42. Ng6 b3 43. Ne5+ Bxe5 44. axb3+ axb3 45. Kxe5 b2 46. Kf6 Kc3
47. Kg7 Kc2 48. h8=Q Rxh8 49. Kxh8 b1=Q 50. Rxb1 Kxb1 51. f4 c5 52. f5 c4 53. f6
c3 54. f7 c2 55. f8=Q c1=Q 56. Qf5+ 1/2-1/2

[Event "25th Czech Open A 2014"]
[Site "Pardubice CZE"]
[Date "2014.07.20"]
[Round "3.42"]
[White "Mammadova, Narmin"]
[Black "Musat, Adrian"]
[Result "0-1"]
[BlackTitle "FM"]
[WhiteElo "2019"]
[BlackElo "2401"]
[WhiteFideId "13403710"]
[BlackFideId "1203452"]
[EventDate "2014.07.18"]

1. e4 c5 2. c3 Nf6 3. e5 Nd5 4. Nf3 Nc6 5. d4 cxd4 6. cxd4 d6 7. Bc4 Nb6 8. Bb5
dxe5 9. Nxe5 Bd7 10. Nxd7 Qxd7 11. Nc3 e6 12. O-O Be7 13. Qg4 O-O 14. Bxc6 bxc6
15. Bh6 Bf6 16. Rfd1 Kh8 17. Ne4 Rg8 18. Bg5 Bxg5 19. Nxg5 h6 20. Rd3 Nd5 21.
Rf3 f5 22. Qh5 Rgf8 23. Re1 Rf6 24. Nh3 Rb8 25. b3 Nb4 26. Qh4 Nc2 27. Rd1 e5
28. Rfd3 Nxd4 29. f4 Rd6 30. Qf2 Rd8 31. Kh1 e4 32. R3d2 c5 33. Qe3 Qe7 34. Ng1
Ne6 35. Ne2 Rxd2 36. Rxd2 Rd6 37. Ng3 Rxd2 38. Qxd2 Nd4 39. Nf1 Qh4 40. b4 Ne6
41. bxc5 Nxc5 42. Qd6 Qf2 43. Qf8+ Kh7 44. Qxf5+ Kg8 45. Qc8+ Kf7 46. Qc7+ Kg6
47. Qd6+ Kh7 48. Qd1 Nd3 49. Qb1 Qxf4 50. Ng3 Qe3 51. Qf1 Nf2+ 52. Kg1 Nh3+ 53.
Kh1 Nf4 54. a3 a5 55. a4 h5 56. Nf5 Qd3 57. Qa1 Qd7 58. Ne3 Qd2 59. Qg1 Nd3 60.
h3 Nf2+ 0-1

[Event "25th Czech Open A 2014"]
[Site "Pardubice CZE"]
[Date "2014.07.20"]
[Round "3.43"]
[White "Pon, Matt"]
[Black "Saiyn, Zhanat"]
[Result "0-1"]
[WhiteTitle "FM"]
[BlackTitle "FM"]
[WhiteElo "2041"]
[BlackElo "2399"]
[WhiteFideId "14301644"]
[BlackFideId "13703820"]
[EventDate "2014.07.18"]

1. c4 e5 2. Nc3 Nf6 3. g3 d5 4. cxd5 Nxd5 5. Bg2 Nb6 6. Nf3 Nc6 7. O-O Be7 8. d3
O-O 9. Be3 Be6 10. Qc1 Qd7 11. Rd1 f5 12. d4 e4 13. Ne5 Nxe5 14. dxe5 Qc6 15. g4
Rad8 16. Bd4 h6 17. Qc2 Nd5 18. gxf5 Bxf5 19. Qb3 Kh8 20. Nxd5 Qxd5 21. Qxd5
Rxd5 22. f3 exf3 23. Bxf3 Rb5 24. Rac1 c6 25. Kg2 Be6 26. a3 Bb3 27. Rd3 Bd5 28.
Bxd5 Rxd5 29. Bc3 Rxd3 30. exd3 Kg8 31. Re1 Bh4 32. Re4 Be7 33. a4 Rd8 34. Rd4
Kf7 35. Rxd8 Bxd8 36. Kf3 Ke6 37. Ke4 a6 38. d4 Bh4 39. Bd2 Bf2 40. h3 Bh4 41.
Bb4 h5 42. Ba5 Be7 43. Be1 Bd8 44. Bf2 Bg5 45. Be1 Bc1 46. b3 g6 47. h4 g5 48.
Bg3 gxh4 49. Bxh4 Bd2 50. Kd3 Bb4 51. Ke4 Ba5 52. Kf4 Bd2+ 53. Ke4 Bb4 54. Kf4
c5 55. d5+ Kxd5 56. Kf5 b5 57. axb5 axb5 58. e6 Kd6 59. e7 Kd7 60. Kg6 c4 61.
bxc4 bxc4 62. Kxh5 Bxe7 63. Be1 Kc6 64. Kg4 Kb5 65. Kf3 Bb4 66. Bg3 c3 67. Ke2
c2 68. Bf4 Kc4 69. Bd2 Bc5 70. Bg5 Kc3 71. Bc1 Bd4 72. Bd2+ Kb2 73. Kd3 Bg7 74.
Kc4 Kb1 75. Kb3 Bb2 76. Kc4 Bc1 77. Bb4 Bh6 78. Ba3 Bf8 0-1

[Event "25th Czech Open A 2014"]
[Site "Pardubice CZE"]
[Date "2014.07.20"]
[Round "3.44"]
[White "Stefansson, Hannes"]
[Black "Kozusek, Daniel"]
[Result "1-0"]
[WhiteTitle "GM"]
[WhiteElo "2536"]
[BlackElo "2083"]
[WhiteFideId "2300087"]
[BlackFideId "349500"]
[EventDate "2014.07.18"]

1. d4 d5 2. c4 e6 3. Nc3 c6 4. e3 Nf6 5. Nf3 Nbd7 6. Qc2 Bd6 7. g4 dxc4 8. Bxc4
e5 9. Bd2 O-O 10. g5 Nd5 11. Ne4 Bc7 12. O-O-O exd4 13. Nxd4 Ne5 14. Be2 Ba5 15.
h4 Bxd2+ 16. Rxd2 Nb4 17. Qb3 c5 18. Nc6 Qc7 19. Nxe5 Qxe5 20. Nc3 a6 21. a3 Be6
22. Bc4 Bxc4 23. Qxc4 a5 24. Qe4 Nc6 25. Rd5 Qxe4 26. Nxe4 b6 27. Rd6 Rac8 28.
Rhd1 Rfd8 29. h5 Rxd6 30. Rxd6 Rc7 31. Nc3 Kf8 32. Nd5 Rc8 33. Nxb6 Rc7 34. Rd7
Rxd7 35. Nxd7+ Ke7 36. Nxc5 Kd6 37. Nd3 Ke6 38. e4 Nd4 39. Kd2 Nf3+ 40. Ke3 Nxg5
41. f4 Nh3 42. Nc5+ 1-0

[Event "25th Czech Open A 2014"]
[Site "Pardubice CZE"]
[Date "2014.07.20"]
[Round "3.45"]
[White "Pagerka, Martin"]
[Black "Baryshpolets, Andrey"]
[Result "0-1"]
[BlackTitle "GM"]
[WhiteElo "2265"]
[BlackElo "2546"]
[WhiteFideId "14911230"]
[BlackFideId "14117207"]
[EventDate "2014.07.18"]

1. e4 e6 2. d4 d5 3. Nc3 Nf6 4. e5 Nfd7 5. f4 c5 6. Nf3 Nc6 7. Be3 cxd4 8. Nxd4
Qb6 9. Qd2 Qxb2 10. Rb1 Qa3 11. Bd3 a6 12. O-O Bb4 13. Rb3 Qa5 14. a3 Bc5 15.
Nxc6 bxc6 16. Kh1 Rb8 17. Bxc5 Qxc5 18. Na4 Qa7 19. Rxb8 Qxb8 20. c4 Qb3 21. Nc3
O-O 22. Rf3 dxc4 23. Bc2 Qxa3 24. Qd1 Qe7 25. Ne4 f6 26. Rh3 g6 27. exf6 Nxf6
28. Ng5 e5 29. Rh4 exf4 30. Qf1 Nd5 0-1